[Event "Moscow Rapid-ch 2018"]
[Site "Moscow"]
[Date "2018.12.09"]
[Round "7"]
[White "Chasovnikova, Eugenia"]
[Black "Strutinskaia, Galina"]
[Result "0-1"]
[WhiteElo "2201"]
[BlackElo "2201"]
[Annotator "NA"]
[PlyCount "178"]
[EventDate "2018.12.08"]
[EventType "swiss"]
[EventCountry "RUS"]
[SourceTitle "playchess.com"]
[Source "ChessBase"]
[SourceQuality "1"]
[TimeControl "900+10"]

1. d4 {[%emt 0:00:00]} e6 {[%emt 0:00:00]} 2. c4 {[%emt 0:00:00]} Bb4+ {[%emt 0:00:00]} 3. Bd2 {[%emt 0:00:17]} a5 {[%emt 0:00:00]} 4. g3 {[%emt 0:00:08]} f5 {[%emt 0:00:23]} 5. Bg2 {[%emt 0:00:02]} Nf6 {[%emt 0:00:01]} 6. Nh3 {[%emt 0:00:54]} Nc6 {[%emt 0:00:06]} 7. O-O {[%emt 0:02:00]} O-O {[%emt 0:00:17]} 8. d5 {[%emt 0:01:05]} Ne5 {[%emt 0:01:15]} 9. Qc2 {[%emt 0:03:26]} Qe7 {[%emt 0:01:11]} 10. a3 {[%emt 0:00:39]} Bxd2 {[%emt 0:00:12]} 11. Nxd2 {[%emt 0:00:02]} Ra7 {[%emt 0:02:20]} 12. Nf4 {[%emt 0:00:41]} g5 {[%emt 0:01:10]} 13. Nd3 {[%emt 0:00:04]} Ng6 {[%emt 0:00:08]} 14. f4 {[%emt 0:00:42]} gxf4 {[%emt 0:00:22]} 15. gxf4 {[%emt 0:00:42]} Ng4 {[%emt 0:00:18]} 16. Rf3 {[%emt 0:00:30]} Qf6 {[%emt 0:00:37]} 17. Nf1 {[%emt 0:02:35]} d6 {[%emt 0:00:26]} 18. h3 {[%emt 0:00:28]} Nh6 {[%emt 0:00:02]} 19. Rg3 {[%emt 0:00:13]} e5 {[%emt 0:00:31]} 20. Qc3 {[%emt 0:01:27]} Kh8 {[%emt 0:01:31]} 21. e3 {[%emt 0:00:08]} e4 {[%emt 0:00:19]} 22. Qxf6+ Rxf6 {[%emt 0:00:01]} 23. Ne1 {[%emt 0:00:08]} c5 {[%emt 0:01:02]} 24. dxc6 {[%emt 0:00:11]} bxc6 {[%emt 0:00:01]} 25. Nc2 {[%emt 0:00:02]} c5 {[%emt 0:00:49]} 26. Nd2 {[%emt 0:00:34]} a4 {[%emt 0:00:08]} 27. Nb1 {[%emt 0:00:35]} Rb7 {[%emt 0:00:08]} 28. Ra2 {[%emt 0:00:09]} Be6 {[%emt 0:00:06]} 29. Bf1 {[%emt 0:00:01]} d5 {[%emt 0:00:23]} 30. Nc3 {[%emt 0:00:03]} dxc4 {[%emt 0:00:40]} 31. Rg2 {[%emt 0:00:14]} Nh4 {[%emt 0:00:05]} 32. Rf2 {[%emt 0:00:25]} Nf3+ {[%emt 0:00:06]} 33. Kh1 {[%emt 0:00:02]} Rg6 {[%emt 0:00:47]} 34. Bg2 {[%emt 0:00:04]} Nh4 {[%emt 0:00:07]} 35. Rd2 {[%emt 0:00:10]} Nf7 {[%emt 0:00:17]} 36. Ne1 {[%emt 0:00:04]} Rg3 {[%emt 0:00:10]} 37. Ra1 {[%emt 0:00:11]} Rd7 {[%emt 0:01:12]} 38. Re2 {[%emt 0:00:08]} Nxg2 39. Nxg2 {[%emt 0:00:07]} Rxh3+ {[%emt 0:00:09]} 40. Kg1 {[%emt 0:00:01]} Ra7 {[%emt 0:00:16]} 41. Rd1 {[%emt 0:00:17]} Rg3 {[%emt 0:00:02]} 42. Kh2 {[%emt 0:00:04]} Rg8 {[%emt 0:00:03]} 43. Red2 {[%emt 0:00:47]} Rb8 {[%emt 0:00:12]} 44. Nh4 {[%emt 0:00:07]} Kg7 {[%emt 0:00:13]} 45. Kg3 {[%emt 0:00:11]} Rbb7 {[%emt 0:00:22]} 46. Rg1 {[%emt 0:00:43]} Kf8 {[%emt 0:00:06]} 47. Kf2 {[%emt 0:00:07]} Rd7 {[%emt 0:00:09]} 48. Rgd1 {[%emt 0:00:10]} Rd3 {[%emt 0:00:17]} 49. Ke2 {[%emt 0:00:15]} Nd8 {[%emt 0:01:23]} 50. Nb5 {[%emt 0:00:19]} Rad7 {[%emt 0:00:09]} 51. Nc3 {[%emt 0:00:05]} Rxd2+ {[%emt 0:00:12]} 52. Rxd2 {[%emt 0:00:02]} Rxd2+ {[%emt 0:00:01]} 53. Kxd2 {[%emt 0:00:01]} Bd7 {[%emt 0:00:01]} 54. Nd5 {[%emt 0:00:21]} Kf7 {[%emt 0:00:04]} 55. Kc3 {[%emt 0:00:05]} Ke6 {[%emt 0:01:08]} 56. Nb6 {[%emt 0:00:17]} Bb5 {[%emt 0:00:04]} 57. Nxc4 {[%emt 0:00:26]} Nf7 {[%emt 0:00:00]} 58. Nb6 {[%emt 0:00:28]} Nh6 {[%emt 0:00:03]} 59. b3 {[%emt 0:00:18]} axb3 {[%emt 0:00:04]} 60. a4 {[%emt 0:00:01]} Ba6 {[%emt 0:00:11]} 61. Kxb3 {[%emt 0:00:02]} Ng4 {[%emt 0:00:01]} 62. Ng2 {[%emt 0:00:01]} Bf1 {[%emt 0:00:14]} 63. a5 {[%emt 0:00:06]} Kd6 {[%emt 0:00:15]} 64. Nc4+ {[%emt 0:00:08]} Kc7 {[%emt 0:00:04]} 65. Nh4 {[%emt 0:00:12]} Nh6 {[%emt 0:00:16]} 66. a6 {[%emt 0:00:17]} Kc6 {[%emt 0:00:11]} 67. a7 {[%emt 0:00:29]} Kb7 {[%emt 0:00:01]} 68. Nd6+ {[%emt 0:00:06]} Kxa7 69. Nhxf5 {[%emt 0:00:07]} Ng4 {[%emt 0:00:37]} 70. Nxe4 {[%emt 0:00:14]} Kb6 {[%emt 0:00:00]} 71. Nfg3 {[%emt 0:00:19]} Bb5 {[%emt 0:00:35]} 72. f5 {[%emt 0:00:09]} Nxe3 {[%emt 0:00:02]} 73. f6 {[%emt 0:00:01]} Bc4+ {[%emt 0:00:24]} 74. Kc3 {[%emt 0:00:03]} Ba2 {[%emt 0:00:04]} 75. Kd3 {[%emt 0:00:13]} Ng4 {[%emt 0:00:02]} 76. Nh5 {[%emt 0:00:07]} h6 {[%emt 0:00:09]} 77. Nd6 {[%emt 0:00:11]} Kc6 {[%emt 0:00:01]} 78. Nf5 {[%emt 0:00:28]} Bf7 {[%emt 0:00:13]} 79. Nfg3 {[%emt 0:00:21]} Bg6+ {[%emt 0:00:16]} 80. Kc3 {[%emt 0:00:01]} Bf7 {[%emt 0:00:18]} 81. Kd3 {[%emt 0:00:08]} Kd6 {[%emt 0:00:04]} 82. Nf5+ {[%emt 0:00:12]} Ke5 {[%emt 0:00:07]} 83. Nfg7 {[%emt 0:00:04]} Nxf6 {[%emt 0:00:08]} 84. Ng3 {[%emt 0:00:16]} c4+ {[%emt 0:00:16]} 85. Ke3 {[%emt 0:00:07]} Nd5+ {[%emt 0:00:11]} 86. Kd2 {[%emt 0:00:03]} Bg6 {[%emt 0:00:13]} 87. N7h5 {[%emt 0:00:10]} c3+ {[%emt 0:00:03]} 88. Kc1 {[%emt 0:00:01]} Nb4 {[%emt 0:00:07]} 89. Ng7 {[%emt 0:00:06]} Na2+ {[%emt 0:00:03]} 0-1

[Event "Moscow Rapid-ch 2018"]
[Site "Moscow"]
[Date "2018.12.09"]
[Round "7"]
[White "Stukan, Martin"]
[Black "Chudinovskikh, Alexander M"]
[Result "1/2-1/2"]
[WhiteElo "2142"]
[BlackElo "2184"]
[Annotator "NA"]
[PlyCount "191"]
[EventDate "2018.12.08"]
[EventType "swiss"]
[EventCountry "RUS"]
[SourceTitle "playchess.com"]
[Source "ChessBase"]
[SourceQuality "1"]
[TimeControl "900+10"]

1. d4 {[%emt 0:00:00]} Nf6 {[%emt 0:00:00]} 2. c4 {[%emt 0:00:00]} e6 {[%emt 0:00:00]} 3. g3 {[%emt 0:00:00]} c5 {[%emt 0:00:00]} 4. d5 {[%emt 0:00:00]} exd5 {[%emt 0:00:00]} 5. cxd5 {[%emt 0:00:00]} d6 {[%emt 0:00:00]} 6. Nc3 {[%emt 0:00:00]} g6 {[%emt 0:00:00]} 7. Nf3 {[%emt 0:00:00]} Bg7 {[%emt 0:00:01]} 8. Bg2 {[%emt 0:00:01]} O-O {[%emt 0:00:01]} 9. O-O {[%emt 0:00:02]} Nbd7 {[%emt 0:00:04]} 10. Bf4 {[%emt 0:00:28]} Qe7 {[%emt 0:00:08]} 11. Re1 {[%emt 0:00:55]} a6 {[%emt 0:00:10]} 12. a4 {[%emt 0:00:02]} Nh5 {[%emt 0:00:02]} 13. Bg5 {[%emt 0:00:04]} f6 {[%emt 0:00:06]} 14. Bd2 {[%emt 0:02:08]} Ne5 {[%emt 0:00:06]} 15. Nxe5 fxe5 {[%emt 0:00:06]} 16. e4 {[%emt 0:00:47]} Rb8 {[%emt 0:00:12]} 17. Rb1 {[%emt 0:00:22]} b5 {[%emt 0:00:52]} 18. axb5 {[%emt 0:00:01]} axb5 {[%emt 0:00:01]} 19. b4 {[%emt 0:00:01]} c4 {[%emt 0:01:07]} 20. Ra1 {[%emt 0:00:07]} Nf6 {[%emt 0:00:13]} 21. f3 {[%emt 0:00:19]} h5 {[%emt 0:00:26]} 22. Be3 {[%emt 0:00:41]} Bd7 {[%emt 0:00:21]} 23. Ra7 {[%emt 0:01:22]} Ra8 {[%emt 0:00:22]} 24. Nxb5 {[%emt 0:00:19]} Rab8 {[%emt 0:01:47]} 25. Nxd6 {[%emt 0:00:50]} Rxb4 {[%emt 0:01:40]} 26. Bc5 {[%emt 0:03:02]} Rb5 {[%emt 0:00:08]} 27. Ba3 {[%emt 0:00:05]} Rb3 {[%emt 0:00:55]} 28. Nxc4 {[%emt 0:02:12]} Rxa3 {[%emt 0:00:18]} 29. d6 {[%emt 0:00:01]} Qe6 {[%emt 0:00:59]} 30. Nxa3 {[%emt 0:00:02]} h4 {[%emt 0:00:13]} 31. Qd3 {[%emt 0:02:58]} hxg3 {[%emt 0:00:28]} 32. hxg3 {[%emt 0:00:08]} Kh7 {[%emt 0:00:19]} 33. Rd1 {[%emt 0:00:33]} Rb8 {[%emt 0:00:32]} 34. Qc4 {[%emt 0:00:46]} Qe8 {[%emt 0:00:10]} 35. Rc7 {[%emt 0:00:36]} Nh5 {[%emt 0:00:30]} 36. Qc5 {[%emt 0:00:29]} Nxg3 {[%emt 0:00:17]} 37. Qa7 {[%emt 0:00:14]} Ra8 {[%emt 0:00:58]} 38. Qf2 {[%emt 0:00:03]} Nh5 {[%emt 0:00:07]} 39. Nc4 {[%emt 0:00:09]} Rd8 {[%emt 0:00:52]} 40. Nb6 {[%emt 0:00:13]} Nf4 {[%emt 0:00:37]} 41. Qh4+ {[%emt 0:00:17]} Kg8 {[%emt 0:00:16]} 42. Qe7 {[%emt 0:00:22]} Bf8 {[%emt 0:00:12]} 43. Qxe8 {[%emt 0:00:28]} Bxe8 {[%emt 0:00:01]} 44. d7 {[%emt 0:00:28]} Bf7 {[%emt 0:00:05]} 45. Rc8 {[%emt 0:00:06]} Be7 {[%emt 0:00:12]} 46. Nd5 {[%emt 0:00:20]} Bxd5 {[%emt 0:00:31]} 47. exd5 {[%emt 0:00:02]} Kf7 {[%emt 0:00:06]} 48. Rxd8 Bxd8 {[%emt 0:00:00]} 49. Kh2 {[%emt 0:00:18]} Ke7 {[%emt 0:00:09]} 50. Bh3 {[%emt 0:00:02]} Nxh3 51. Kxh3 Kxd7 52. Kg3 {[%emt 0:00:29]} Kd6 {[%emt 0:00:14]} 53. Kf2 {[%emt 0:00:03]} Bb6+ {[%emt 0:00:01]} 54. Kg3 {[%emt 0:00:33]} Bd4 {[%emt 0:00:01]} 55. Kg4 {[%emt 0:00:15]} Kxd5 {[%emt 0:00:08]} 56. Re1 {[%emt 0:00:02]} Ke6 {[%emt 0:00:29]} 57. Kg5 {[%emt 0:00:02]} Kf7 {[%emt 0:00:01]} 58. Re2 {[%emt 0:00:01]} Kg7 {[%emt 0:00:20]} 59. Rc2 {[%emt 0:00:04]} Be3+ {[%emt 0:00:02]} 60. Kg4 {[%emt 0:00:01]} Bf4 {[%emt 0:00:04]} 61. Rc6 {[%emt 0:00:03]} Kf7 {[%emt 0:00:04]} 62. Kh3 {[%emt 0:00:02]} Kg7 {[%emt 0:00:03]} 63. Kg2 {[%emt 0:00:01]} Kh6 {[%emt 0:00:01]} 64. Kf2 {[%emt 0:00:01]} Kg5 {[%emt 0:00:01]} 65. Ke2 {[%emt 0:00:01]} Kf5 {[%emt 0:00:02]} 66. Kd3 {[%emt 0:00:01]} Kg5 {[%emt 0:01:53]} 67. Ke4 {[%emt 0:00:02]} Kh5 {[%emt 0:00:04]} 68. Rc8 {[%emt 0:00:36]} Kg5 {[%emt 0:00:02]} 69. Rg8 {[%emt 0:00:03]} Kf6 {[%emt 0:00:10]} 70. Kd5 {[%emt 0:00:03]} Kf5 {[%emt 0:00:05]} 71. Rf8+ {[%emt 0:00:02]} Kg5 {[%emt 0:00:01]} 72. Ke6 {[%emt 0:00:10]} Kh4 {[%emt 0:00:03]} 73. Kd5 {[%emt 0:00:17]} Kg3 {[%emt 0:00:34]} 74. Ke4 {[%emt 0:00:01]} g5 {[%emt 0:00:02]} 75. Rg8 {[%emt 0:00:17]} Kf2 {[%emt 0:00:05]} 76. Ra8 {[%emt 0:00:05]} Kg3 {[%emt 0:00:05]} 77. Ra1 {[%emt 0:00:12]} Kf2 {[%emt 0:00:08]} 78. Ra3 {[%emt 0:00:08]} Kg3 {[%emt 0:00:03]} 79. Kf5 {[%emt 0:00:06]} Kh3 {[%emt 0:00:08]} 80. Ra1 {[%emt 0:01:11]} Kg3 {[%emt 0:00:04]} 81. Ke4 {[%emt 0:00:01]} Kg2 {[%emt 0:00:11]} 82. Rb1 {[%emt 0:00:11]} Kf2 {[%emt 0:00:13]} 83. Rb3 {[%emt 0:00:26]} Kg2 {[%emt 0:00:02]} 84. Rb7 {[%emt 0:00:24]} Kg3 {[%emt 0:00:06]} 85. Rh7 {[%emt 0:00:06]} Kg2 {[%emt 0:00:03]} 86. Ra7 {[%emt 0:00:04]} Kf2 {[%emt 0:00:04]} 87. Ra1 {[%emt 0:00:05]} Kg2 {[%emt 0:00:01]} 88. Rb1 {[%emt 0:00:03]} Kf2 {[%emt 0:00:02]} 89. Rb3 {[%emt 0:00:03]} Kg2 {[%emt 0:00:02]} 90. Kf5 {[%emt 0:00:03]} Kg3 {[%emt 0:00:02]} 91. Ra3 {[%emt 0:00:01]} Kh3 {[%emt 0:00:04]} 92. Ke4 {[%emt 0:00:29]} Kg3 {[%emt 0:00:01]} 93. Ra1 {[%emt 0:00:15]} Kf2 {[%emt 0:00:02]} 94. Rh1 {[%emt 0:00:04]} Kg2 {[%emt 0:00:03]} 95. Rh7 {[%emt 0:00:02]} Kf2 {[%emt 0:00:04]} 96. Rh3 1/2-1/2

[Event "Moscow Rapid-ch 2018"]
[Site "Moscow"]
[Date "2018.12.09"]
[Round "7"]
[White "Zhukov, Anton"]
[Black "Reprintsev, Alexander"]
[Result "1/2-1/2"]
[WhiteElo "2138"]
[BlackElo "2371"]
[Annotator "NA"]
[PlyCount "163"]
[EventDate "2018.12.08"]
[EventType "swiss"]
[EventCountry "RUS"]
[SourceTitle "playchess.com"]
[Source "ChessBase"]
[SourceQuality "1"]
[TimeControl "900+10"]

1. d4 {[%emt 0:00:00]} d5 {[%emt 0:00:00]} 2. c4 {[%emt 0:00:00]} e5 {[%emt 0:00:00]} 3. dxe5 {[%emt 0:00:00]} d4 {[%emt 0:00:00]} 4. Nf3 {[%emt 0:00:00]} Nc6 {[%emt 0:00:00]} 5. g3 {[%emt 0:00:00]} Nge7 {[%emt 0:00:00]} 6. Bg2 {[%emt 0:00:00]} Ng6 {[%emt 0:00:00]} 7. O-O {[%emt 0:00:00]} Ngxe5 {[%emt 0:00:00]} 8. Nxe5 {[%emt 0:00:01]} Nxe5 {[%emt 0:00:00]} 9. Nd2 {[%emt 0:00:01]} Be7 {[%emt 0:00:00]} 10. Nf3 {[%emt 0:00:03]} Nxf3+ {[%emt 0:00:01]} 11. Bxf3 {[%emt 0:00:02]} O-O {[%emt 0:00:04]} 12. b3 {[%emt 0:01:14]} c5 {[%emt 0:00:27]} 13. Qd3 {[%emt 0:02:01]} Bf6 {[%emt 0:00:37]} 14. Bb2 {[%emt 0:00:59]} Qb6 {[%emt 0:00:38]} 15. Kh1 {[%emt 0:03:11]} a5 {[%emt 0:00:11]} 16. a4 {[%emt 0:00:42]} Bh3 {[%emt 0:00:50]} 17. Bg2 {[%emt 0:00:22]} Bxg2+ {[%emt 0:00:04]} 18. Kxg2 {[%emt 0:00:01]} Rfe8 {[%emt 0:00:14]} 19. Rfe1 {[%emt 0:00:12]} Re6 {[%emt 0:00:25]} 20. e4 {[%emt 0:01:50]} dxe3 {[%emt 0:01:18]} 21. Bxf6 {[%emt 0:00:11]} Qc6+ {[%emt 0:02:08]} 22. Qd5 {[%emt 0:01:19]} Rxf6 {[%emt 0:00:03]} 23. Rxe3 {[%emt 0:00:54]} Qxd5+ {[%emt 0:00:03]} 24. cxd5 {[%emt 0:00:01]} Rd8 {[%emt 0:00:05]} 25. Rd1 {[%emt 0:00:35]} Kf8 {[%emt 0:00:02]} 26. Re5 {[%emt 0:00:28]} Rb6 {[%emt 0:00:24]} 27. d6 {[%emt 0:00:34]} Rc6 {[%emt 0:00:01]} 28. d7 {[%emt 0:00:09]} g6 {[%emt 0:00:16]} 29. h4 {[%emt 0:00:34]} b6 {[%emt 0:00:02]} 30. Red5 {[%emt 0:00:31]} Re6 {[%emt 0:00:04]} 31. h5 {[%emt 0:00:27]} Ke7 {[%emt 0:00:15]} 32. R1d3 {[%emt 0:00:11]} gxh5 {[%emt 0:00:12]} 33. Rxh5 {[%emt 0:00:04]} Rxd7 {[%emt 0:00:01]} 34. Rxd7+ {[%emt 0:00:02]} Kxd7 {[%emt 0:00:01]} 35. Rxh7 {[%emt 0:00:02]} Ke7 {[%emt 0:00:02]} 36. Rh4 {[%emt 0:00:33]} Rd6 {[%emt 0:00:06]} 37. Re4+ {[%emt 0:00:05]} Kf6 {[%emt 0:00:04]} 38. Re3 {[%emt 0:00:03]} Rd4 {[%emt 0:00:01]} 39. Kf3 {[%emt 0:00:26]} Rb4 {[%emt 0:00:02]} 40. Rc3 {[%emt 0:00:08]} Ke5 {[%emt 0:00:02]} 41. Ke3 {[%emt 0:00:13]} Re4+ {[%emt 0:00:32]} 42. Kd2 {[%emt 0:00:06]} Rg4 {[%emt 0:00:33]} 43. Re3+ {[%emt 0:00:19]} Kd5 {[%emt 0:00:05]} 44. Rd3+ {[%emt 0:00:06]} Rd4 {[%emt 0:00:53]} 45. Kc3 {[%emt 0:00:31]} Ke4 {[%emt 0:00:44]} 46. f3+ {[%emt 0:00:46]} Kd5 {[%emt 0:00:01]} 47. Re3 {[%emt 0:01:04]} c4 {[%emt 0:00:07]} 48. f4 {[%emt 0:00:14]} f6 {[%emt 0:00:17]} 49. bxc4+ {[%emt 0:00:14]} Rxc4+ {[%emt 0:00:01]} 50. Kb3 {[%emt 0:00:01]} Rb4+ {[%emt 0:00:25]} 51. Ka3 {[%emt 0:00:05]} Re4 {[%emt 0:00:34]} 52. Rb3 {[%emt 0:00:11]} f5 {[%emt 0:02:17]} 53. Rb5+ {[%emt 0:00:39]} Kc6 {[%emt 0:01:42]} 54. Rxf5 {[%emt 0:00:06]} Re3+ {[%emt 0:00:00]} 55. Kb2 {[%emt 0:00:10]} Rxg3 {[%emt 0:00:04]} 56. Re5 {[%emt 0:00:46]} Rg4 {[%emt 0:00:08]} 57. Rf5 {[%emt 0:00:06]} Rh4 {[%emt 0:00:11]} 58. Kb3 {[%emt 0:00:10]} Rh3+ {[%emt 0:00:01]} 59. Kb2 {[%emt 0:00:15]} Rf3 {[%emt 0:00:02]} 60. Ka2 {[%emt 0:00:15]} Rd3 {[%emt 0:00:01]} 61. Kb2 {[%emt 0:00:15]} Rd4 {[%emt 0:00:01]} 62. Kb3 {[%emt 0:00:01]} Rb4+ {[%emt 0:00:02]} 63. Ka3 {[%emt 0:00:01]} Kd6 {[%emt 0:00:02]} 64. Rf6+ {[%emt 0:00:14]} Kd5 {[%emt 0:00:04]} 65. Rf8 {[%emt 0:00:10]} Ke4 {[%emt 0:00:11]} 66. Rf6 {[%emt 0:00:09]} Kd4 {[%emt 0:00:10]} 67. Rf8 {[%emt 0:00:06]} Ke3 {[%emt 0:00:02]} 68. Rf6 {[%emt 0:00:19]} Kf3 {[%emt 0:00:04]} 69. Rh6 {[%emt 0:00:34]} Kg4 {[%emt 0:00:18]} 70. Rf6 {[%emt 0:00:04]} Kg3 {[%emt 0:00:05]} 71. Rh6 {[%emt 0:00:04]} Kg4 {[%emt 0:00:19]} 72. Rf6 {[%emt 0:00:05]} Kh5 {[%emt 0:00:01]} 73. Rf5+ {[%emt 0:00:03]} Kg6 {[%emt 0:00:04]} 74. Rg5+ {[%emt 0:00:14]} Kf6 {[%emt 0:00:02]} 75. Rh5 {[%emt 0:00:01]} Ke6 {[%emt 0:00:13]} 76. Rh6+ {[%emt 0:00:05]} Kf5 {[%emt 0:00:40]} 77. Rh5+ {[%emt 0:00:03]} Ke4 {[%emt 0:00:06]} 78. Rh6 {[%emt 0:00:07]} Kd5 {[%emt 0:00:04]} 79. Rf6 {[%emt 0:00:06]} Kc5 {[%emt 0:00:04]} 80. Rf8 {[%emt 0:00:09]} Re4 {[%emt 0:00:08]} 81. Rf5+ {[%emt 0:00:14]} Kc4 {[%emt 0:00:06]} 82. Rb5 {[%emt 0:00:17]} 1/2-1/2

[Event "Moscow Rapid-ch 2018"]
[Site "Moscow"]
[Date "2018.12.09"]
[Round "7"]
[White "Kornilovich, Dmitry"]
[Black "Pavlov, Danila"]
[Result "1/2-1/2"]
[WhiteElo "2133"]
[BlackElo "2323"]
[Annotator "NA"]
[PlyCount "116"]
[EventDate "2018.12.08"]
[EventType "swiss"]
[EventCountry "RUS"]
[SourceTitle "playchess.com"]
[Source "ChessBase"]
[SourceQuality "1"]
[TimeControl "900+10"]

1. e4 {[%emt 0:00:00]} e6 {[%emt 0:00:00]} 2. d4 {[%emt 0:00:03]} d5 {[%emt 0:00:00]} 3. Nc3 {[%emt 0:00:06]} Nf6 {[%emt 0:00:00]} 4. e5 {[%emt 0:00:03]} Nfd7 {[%emt 0:00:00]} 5. f4 {[%emt 0:00:03]} c5 {[%emt 0:00:00]} 6. Nf3 {[%emt 0:00:06]} Nc6 {[%emt 0:00:00]} 7. Be3 {[%emt 0:00:08]} cxd4 8. Nxd4 {[%emt 0:00:06]} Bc5 {[%emt 0:00:03]} 9. Qd2 {[%emt 0:00:38]} O-O {[%emt 0:00:05]} 10. O-O-O {[%emt 0:00:50]} a6 {[%emt 0:00:04]} 11. Kb1 {[%emt 0:00:38]} Qe7 {[%emt 0:01:25]} 12. h4 {[%emt 0:00:26]} Nxd4 13. Bxd4 {[%emt 0:00:02]} b5 {[%emt 0:00:46]} 14. h5 {[%emt 0:00:29]} Bb7 {[%emt 0:00:23]} 15. Rh3 {[%emt 0:02:03]} b4 {[%emt 0:00:36]} 16. Ne2 {[%emt 0:00:03]} a5 {[%emt 0:02:37]} 17. Bxc5 {[%emt 0:03:26]} Nxc5 {[%emt 0:00:05]} 18. Nd4 {[%emt 0:00:04]} Ne4 {[%emt 0:02:33]} 19. Qe3 {[%emt 0:00:01]} Rac8 {[%emt 0:02:17]} 20. Bd3 {[%emt 0:00:05]} Qc5 {[%emt 0:00:13]} 21. f5 {[%emt 0:02:41]} exf5 22. Nxf5 {[%emt 0:00:01]} Qxe3 {[%emt 0:05:28]} 23. Rxe3 {[%emt 0:00:01]} Rc5 {[%emt 0:00:10]} 24. h6 {[%emt 0:00:46]} g6 {[%emt 0:00:30]} 25. Bxe4 {[%emt 0:00:13]} dxe4 {[%emt 0:00:23]} 26. Nd6 {[%emt 0:00:49]} Ba8 {[%emt 0:01:12]} 27. Nxe4 {[%emt 0:00:12]} Bxe4 {[%emt 0:00:01]} 28. Rxe4 {[%emt 0:00:01]} Re8 {[%emt 0:00:01]} 29. Rde1 {[%emt 0:02:47]} Re6 {[%emt 0:00:08]} 30. Rd4 {[%emt 0:00:19]} Kf8 {[%emt 0:00:05]} 31. Rd8+ {[%emt 0:00:44]} Ke7 {[%emt 0:00:01]} 32. Rh8 {[%emt 0:00:02]} Rcxe5 {[%emt 0:00:01]} 33. Rxe5 {[%emt 0:00:01]} Rxe5 {[%emt 0:00:01]} 34. a3 {[%emt 0:00:00]} Re1+ {[%emt 0:00:35]} 35. Ka2 {[%emt 0:00:01]} Re2 {[%emt 0:00:22]} 36. axb4 {[%emt 0:00:02]} axb4 {[%emt 0:00:01]} 37. Kb3 {[%emt 0:00:02]} Rxg2 {[%emt 0:00:01]} 38. Rxh7 {[%emt 0:00:02]} Rh2 {[%emt 0:00:08]} 39. Rh8 {[%emt 0:00:11]} Kf6 {[%emt 0:00:10]} 40. c4 {[%emt 0:00:56]} bxc3 {[%emt 0:00:11]} 41. bxc3 {[%emt 0:00:01]} g5 {[%emt 0:00:21]} 42. c4 {[%emt 0:00:21]} g4 {[%emt 0:00:02]} 43. c5 {[%emt 0:00:58]} g3 {[%emt 0:00:22]} 44. Rg8 {[%emt 0:00:16]} Rxh6 {[%emt 0:00:08]} 45. Rxg3 {[%emt 0:00:02]} Ke5 {[%emt 0:00:03]} 46. Kc4 {[%emt 0:00:13]} f5 {[%emt 0:00:01]} 47. Re3+ {[%emt 0:00:06]} Kf4 {[%emt 0:00:05]} 48. Re8 {[%emt 0:00:17]} Kg3 {[%emt 0:00:24]} 49. Rg8+ {[%emt 0:00:22]} Kf3 {[%emt 0:00:09]} 50. Kd5 {[%emt 0:00:03]} f4 {[%emt 0:00:06]} 51. Rf8 {[%emt 0:00:22]} Ke3 {[%emt 0:00:19]} 52. Re8+ {[%emt 0:00:01]} Kd3 {[%emt 0:00:06]} 53. c6 {[%emt 0:01:00]} Rh7 {[%emt 0:00:06]} 54. Kd6 {[%emt 0:00:19]} f3 {[%emt 0:00:08]} 55. c7 {[%emt 0:00:15]} Rxc7 {[%emt 0:00:06]} 56. Kxc7 {[%emt 0:00:02]} f2 {[%emt 0:00:01]} 57. Rf8 {[%emt 0:00:01]} Ke2 {[%emt 0:00:01]} 58. Rxf2+ {[%emt 0:00:02]} Kxf2 {[%emt 0:00:01]} 1/2-1/2

[Event "Moscow Rapid-ch 2018"]
[Site "Moscow"]
[Date "2018.12.09"]
[Round "7"]
[White "Martynyuk, Elizaveta"]
[Black "Glibka, Yulia"]
[Result "1-0"]
[WhiteElo "2128"]
[BlackElo "1979"]
[Annotator "NA"]
[PlyCount "53"]
[EventDate "2018.12.08"]
[EventType "swiss"]
[EventCountry "RUS"]
[SourceTitle "playchess.com"]
[Source "ChessBase"]
[SourceQuality "1"]
[TimeControl "900+10"]

1. e4 {[%emt 0:03:25]} c5 {[%emt 0:00:00]} 2. Nf3 {[%emt 0:00:01]} e6 {[%emt 0:00:00]} 3. d4 {[%emt 0:00:02]} cxd4 {[%emt 0:00:00]} 4. Nxd4 {[%emt 0:00:02]} a6 {[%emt 0:00:00]} 5. Bd3 {[%emt 0:00:03]} Nc6 {[%emt 0:00:02]} 6. Be3 {[%emt 0:00:07]} Nf6 {[%emt 0:00:08]} 7. O-O {[%emt 0:00:03]} Qc7 {[%emt 0:00:03]} 8. Nc3 {[%emt 0:00:10]} b5 {[%emt 0:00:12]} 9. Nxc6 dxc6 {[%emt 0:00:17]} 10. h3 {[%emt 0:01:09]} c5 {[%emt 0:01:20]} 11. e5 {[%emt 0:02:39]} Qxe5 {[%emt 0:05:19]} 12. Qf3 {[%emt 0:00:03]} Qb8 {[%emt 0:02:48]} 13. Ne4 {[%emt 0:01:15]} Bb7 {[%emt 0:02:05]} 14. Nxf6+ {[%emt 0:01:27]} gxf6 {[%emt 0:00:02]} 15. Be4 {[%emt 0:00:04]} Bxe4 {[%emt 0:00:50]} 16. Qxe4 {[%emt 0:00:02]} Qc8 {[%emt 0:00:38]} 17. Rad1 {[%emt 0:00:20]} f5 {[%emt 0:00:54]} 18. Qf3 {[%emt 0:00:30]} Be7 {[%emt 0:00:49]} 19. Rd2 {[%emt 0:00:48]} Rg8 {[%emt 0:00:36]} 20. Rfd1 {[%emt 0:00:14]} e5 {[%emt 0:01:24]} 21. Rd5 {[%emt 0:00:46]} f4 {[%emt 0:00:13]} 22. Bxc5 {[%emt 0:00:11]} f6 {[%emt 0:00:38]} 23. Qh5+ {[%emt 0:00:52]} Kf8 {[%emt 0:00:11]} 24. Bxe7+ {[%emt 0:00:05]} Kxe7 {[%emt 0:00:04]} 25. Qxh7+ {[%emt 0:00:02]} Kf8 {[%emt 0:00:09]} 26. Rd7 {[%emt 0:00:10]} Qe8 {[%emt 0:00:06]} 27. Qh6+ {[%emt 0:00:02]} 1-0

[Event "Moscow Rapid-ch 2018"]
[Site "Moscow"]
[Date "2018.12.09"]
[Round "7"]
[White "Girshgorn, Leonid"]
[Black "Volodin, Viktor"]
[Result "1-0"]
[WhiteElo "2038"]
[BlackElo "2175"]
[Annotator "NA"]
[PlyCount "82"]
[EventDate "2018.12.08"]
[EventType "swiss"]
[EventCountry "RUS"]
[SourceTitle "playchess.com"]
[Source "ChessBase"]
[SourceQuality "1"]
[TimeControl "900+10"]

1. d4 d5 2. c4 e6 3. Nc3 Nf6 4. Bg5 c6 5. cxd5 exd5 6. Qc2 Be7 7. e3 Nbd7 8. Bd3 Nf8 9. Nf3 Ng6 10. O-O-O Bg4 11. Kb1 Qa5 12. Rc1 Bxf3 13. gxf3 O-O-O 14. Na4 Kb8 15. h4 h6 16. Bxf6 Bxf6 17. Bxg6 fxg6 18. Nc5 Rd6 19. Qxg6 Rhd8 20. Qf7 Qc7 21. Qxc7+ Kxc7 22. h5 Re8 23. Rhg1 Re7 24. Nd3 Rd8 25. Rg6 Rde8 26. b4 a6 27. Kb2 Ra8 28. a4 Kb6 29. a5+ Kc7 30. f4 Rf8 31. Nc5 Rff7 32. f5 Kb8 33. Rg4 Re8 34. Ne6 Ree7 35. f4 Kc8 36. Rcg1 Kb8 37. Rg6 Kc8 38. Kc2 Kb8 39. Kd3 Kc8 40. Rxh6 Kb8 41. Rh8+ Ka7 {Ke4} 1-0